00578cam a22002291 4500001001300000003000400013005001700017008004100034010001700075035002000092040001800112050001500130100005500145245002500200260001100225300002200236500001700258650001400275650002100289650002100310999001700331sa 68017608 DLC20260227112704.0900125s1968 ii 000 0 gujo  asa 68017608  a(OCoLC)20957751 aDLCcWaUdDLC00aBL27b.V881 aVyāsa, Raviśaṅkara Śivaśaṅkara,d1884-10aDādānī deṇa. c[1968] a8, 195 p.c19 cm. aIn Gujarati. 0aReligion. 0aHindu sociology. 0aConduct of life. c87823d87823